书目信息 |
| 题名: |
循环级数学
|
|
| 作者: | 马库希维奇 著 ;朱美琨 译 | |
| 分册: | ||
| 出版信息: | 北京 中国青年出版社 1952 |
|
| 页数: | 53页 | |
| 开本: | 20cm | |
| 丛书名: | ||
| 单 册: | ||
| 中图分类: | O173 | |
| 科图分类: | ||
| 主题词: | 数学分析 | |
| 电子资源: | ||
| ISBN: | ||
| 000 | 00625nam0 2200229 450 | |
| 001 | 0635913437 | |
| 005 | 20060512100119.93 | |
| 010 | @dCNY0.19 | |
| 100 | @a20060512d1952 km y0chiy0120 ea | |
| 101 | 0 | @achi |
| 102 | @aCN@b110000 | |
| 102 | @aCN@b110000 | |
| 200 | 1 | @a循环级数学@Axun huan ji shu xue@f马库希维奇著@Fma ku xi wei qi zhu@g朱美琨译 |
| 210 | @a北京@c中国青年出版社@d1952 | |
| 215 | @a53页@d20cm | |
| 300 | @a青年科学丛书 | |
| 606 | 0 | @a数学分析 |
| 690 | @aO173@v3 | |
| 701 | 0 | @a马库希维奇@Ama ku xi wei qi@4著 |
| 702 | 0 | @a朱美琨@Azhu mei kun@4译 |
| 801 | 0 | @aCN@bPFT@c20060512 |
| 905 | @a10447@dO173@e11 | |
| 循环级数学/马库希维奇著/朱美琨译.-北京:中国青年出版社,1952 |
| 53页;20cm |
| 青年科学丛书 |
| ISBN :CNY0.19 |
| ● |
| 相关链接 |
|
|
|
|
正题名:循环级数学
索取号:O173/11
 
预约/预借
| 序号 | 登录号 | 条形码 | 馆藏地/架位号 | 状态 | 备注 |
| 1 | 0007845 | 202346283 | 密集书库/ [索取号:O173/11] | 在馆 |